Statistiques concernant Signe astrologique

Cliquez ici pour prendre le quiz!

Statistiques générales

  • Ce quiz a été pris 409 fois
  • Le résultat moyen est 11 sur 12

Statistiques - réponses

% Correct
3Poisson
96%
8Lion
93%
10Balance
92%
11Scorpion
92%
9Vierge
92%
1Capricorne
91%
4Bélier
90%
5Taureau
90%
7Cancer
89%
12Sagittaire
87%
2Verseau
86%
6Gémeaux
84%

Distribution des résultats

Percentile par nombre de réponses

% des personnes avec chaque résultat

Votre développement - résultats

Vous n’avez pas pris ce quiz